000 00912nas a2200277 4500
001 BR0403002
003 BR-BrBNA
005 20231205104609.0
007 ta
008 230509b bl.|||p| |||| 00| 00por d
040 _aBR-BrBNA
_bpor
_cBiblioteca Nacional de Agricultura
041 _a(Pt)
072 _aL72
100 1 _aAlves-Branco, F.P.J.
100 1 _aSapper, M.F.M.
100 1 _aFranco, J.C.B.
245 1 _aAvaliação da eficácia de uma formulação de ivermectina a 1,13 porcento p/v injetável frente à infestação natural de bovinos com Boophilus microplus, em Bagé, RS
650 _aBOVINO
650 _aCARRAPATO
650 _aINFESTAÇÃO
650 _aCARRAPATICIDA
650 _aRIO GRANDE DO SUL
773 0 _tHora Veterinária (Brazil)
_xISSN 0101-9163
_g(Jan-Feb 2004), v. 23(137) p. 69-71
_wBR0403002
909 _a202311
_bLúcia
_c55
_dLúcia Elande
942 _2AGRIS
_n0
_cANA
999 _c178890
_d178890